Foglie d'erba
Guardat en:
| Autor principal: | |
|---|---|
| Altres autors: | , , |
| Format: | Llibre |
| Idioma: | anglès |
| Publicat: |
Milano
Rizzoli
1988
|
| Etiquetes: |
Sense etiquetes, Sigues el primer a etiquetar aquest registre!
|
MARC
| LEADER | 00000nam a2200000 4500 | ||
|---|---|---|---|
| 005 | 20241106184801.0 | ||
| 008 | 241106b |||||||| |||| 00| 0 eng d | ||
| 020 | |a 9788817166676 | ||
| 040 | |c GP | ||
| 100 | |a Whitman, Walt | ||
| 245 | |a Foglie d'erba | ||
| 260 | |a Milano |b Rizzoli |c 1988 | ||
| 700 | |a Manganelli, Giorgio | ||
| 700 | |a Tedeschini Lalli, Biancamaria | ||
| 700 | |a Marianni, Ariodante | ||
| 942 | |2 ddc |c BK |n 0 | ||
| 952 | |0 0 |1 0 |2 ddc |4 0 |6 811_000000000000000_WHI |7 1 |9 2173 |a RM |b RM |d 2024-11-06 |l 0 |o 811 WHI |p 397 |r 2024-11-06 18:48:21 |w 2024-11-06 |y BK | ||
| 999 | |c 1912 |d 1912 | ||